000 00678nam a2200229Ia 4500
003 GCL
008 140319s9999 xx 000 0 ara d
040 _aGCL /
_cGCL
082 0 4 _a332.6
_bع ا
100 1 _aعبدالله الصعيدى
245 1 0 _aالادخار والنمو الاقتصادى /
_cعبدالله الصعيدى
260 _a[S.N] :
_bدار النهضة العربية ،
_c1989
300 _a309 ص
490 _a
650 0 4 _aالاقتصاد
650 0 4 _aالاستثمار
650 0 4 _aراس المال
650 0 4 _aالادخار
650 0 4 _aالنمو الاقتصادى
650 0 4 _aبنوك الادخار
942 _2ddc
_cBK
999 _c30837
_d30837